<?xml version="1.0" encoding="UTF-8"?>
<record
    xmlns:xsi="http://www.w3.org/2001/XMLSchema-instance"
    xsi:schemaLocation="http://www.loc.gov/MARC21/slim http://www.loc.gov/standards/marcxml/schema/MARC21slim.xsd"
    xmlns="http://www.loc.gov/MARC21/slim">

  <leader>02838nam a2200337 a 4500</leader>
  <controlfield tag="003">DO-SdBNP</controlfield>
  <controlfield tag="005">20220711110124.0</controlfield>
  <controlfield tag="007">ta</controlfield>
  <controlfield tag="008">220711e2011    dr adocgre||| 00| 0 spa d</controlfield>
  <datafield tag="020" ind1=" " ind2=" ">
    <subfield code="a">9789945452402, v.1</subfield>
  </datafield>
  <datafield tag="020" ind1=" " ind2=" ">
    <subfield code="a">9789945452501, v.2</subfield>
  </datafield>
  <datafield tag="020" ind1=" " ind2=" ">
    <subfield code="a">9789945452518, v.3</subfield>
  </datafield>
  <datafield tag="040" ind1=" " ind2=" ">
    <subfield code="a">DO-SdBNP</subfield>
    <subfield code="b">spa</subfield>
    <subfield code="c">BNPHU</subfield>
  </datafield>
  <datafield tag="082" ind1=" " ind2="4">
    <subfield code="2">22</subfield>
    <subfield code="b">G2161e</subfield>
  </datafield>
  <datafield tag="245" ind1="1" ind2="3">
    <subfield code="a">La enciclopedia total del b&#xE9;isbol invernal dominicano. /</subfield>
    <subfield code="c">F&#xE9;lix Garc&#xED;a Estrella; Pr&#xF3;logo, Felipe Payano; Fotograf&#xED;a, Carlos Alonzo, Manolito Jim&#xE9;nez</subfield>
  </datafield>
  <datafield tag="260" ind1=" " ind2=" ">
    <subfield code="a">[Santo Domingo] : </subfield>
    <subfield code="b">Nuevo Diario, </subfield>
    <subfield code="c">2011</subfield>
  </datafield>
  <datafield tag="300" ind1=" " ind2=" ">
    <subfield code="a">3 v.</subfield>
    <subfield code="b">il., fotogrf., gr&#xE1;f., retr. </subfield>
    <subfield code="c">27 cm.</subfield>
  </datafield>
  <datafield tag="505" ind1="0" ind2=" ">
    <subfield code="a">v.1</subfield>
    <subfield code="t">Introducci&#xF3;n.--</subfield>
    <subfield code="t">El autor.--</subfield>
    <subfield code="t">Pr&#xF3;logo.--</subfield>
    <subfield code="t">Agradecimiento.--</subfield>
    <subfield code="t">1. La pre- historia del b&#xE9;isbol.--</subfield>
    <subfield code="t">2. Historia de los equipos.--</subfield>
    <subfield code="t">3. Del "Macuto a los Millones".--</subfield>
    <subfield code="t">4. Los intelectuales y el b&#xE9;isbol dominicano.--</subfield>
    <subfield code="t">5. La Cr&#xF3;nica deportiva y el b&#xE9;isbol. Un matrimonio sin divorcio.--</subfield>
    <subfield code="t">6. La promoci&#xF3;n comercial y el b&#xE9;isbol.--</subfield>
    <subfield code="t">7. Los estadios tienen su historia.--</subfield>
    <subfield code="t">8. Campeonatos de la ciudad de Santo Domingo o "City Champ"</subfield>
    <subfield code="t">9. La Liga dominicana del B&#xE9;isbol profesional.--</subfield>
    <subfield code="t">10. El "Mercado Negro" tambi&#xE9;n tiene su historia.--</subfield>
    <subfield code="t">11. Incidentes de nuestro b&#xE9;isbol.--</subfield>
    <subfield code="t">12. La expansi&#xF3;n del b&#xE9;isbol profesional dominicano.--</subfield>
    <subfield code="t">13. Juegos Estrellas.--</subfield>
    <subfield code="t">14. Juegos interligas.--</subfield>
    <subfield code="t">15. Serie del Caribe y la calidad del b&#xE9;isbol dominicano.--</subfield>
    <subfield code="t">16. Resumen totoal de todos los torneos realizados en el pa&#xED;s.--</subfield>
    <subfield code="t">17. Draft.--</subfield>
    <subfield code="t">18. Premiaciones deportivas.--</subfield>
    <subfield code="t">19. Efem&#xE9;rides.--</subfield>
    <subfield code="t">Cambios.</subfield>
  </datafield>
  <datafield tag="505" ind1="0" ind2=" ">
    <subfield code="a">v.2</subfield>
    <subfield code="t">Presentaci&#xF3;n.--</subfield>
    <subfield code="t">1. L&#xED;deres en juegos de apertura.--</subfield>
    <subfield code="t">2. Estad&#xED;sticas ofensivas individuales.--</subfield>
    <subfield code="t">3.  Estad&#xED;sticas ofensivas colectivas.--</subfield>
    <subfield code="t">4.  Estad&#xED;sticas individuales de pitcheo.--</subfield>
    <subfield code="t">5. Estad&#xED;sticas colectivas de pitcheo.--</subfield>
    <subfield code="t">6. Estad&#xED;sticas defensivas individuales.--</subfield>
    <subfield code="t">7. Estad&#xED;sticas defensivas colectivas.--</subfield>
    <subfield code="t">8. Miscel&#xE1;neos.--</subfield>
    <subfield code="t">9. Maneger.--</subfield>
    <subfield code="t">10. Series del Caribe.--</subfield>
    <subfield code="t">11. Sorteo de jugadores (DRAFT).--</subfield>
    <subfield code="t">12. Juegos interligas.--</subfield>
    <subfield code="t">13. Premiaciones.--</subfield>
    <subfield code="t">14. Ap&#xE9;ndice (Los records).--</subfield>
    <subfield code="t">15. &#xCD;ndice alfab&#xE9;tico de jugadores.</subfield>
  </datafield>
  <datafield tag="505" ind1="0" ind2=" ">
    <subfield code="a">v.3</subfield>
    <subfield code="t">Cap&#xED;tulo 1</subfield>
    <subfield code="t">1. Refuerzos del b&#xE9;isbol dominicano distinguidos en Grandes Ligas.--</subfield>
    <subfield code="t">Cap&#xED;tulo 2</subfield>
    <subfield code="t">Records sagrado del B&#xE9;isbol Invernal dominicano.--</subfield>
    <subfield code="t">Estad&#xED;sticas  individuales bateadores.--</subfield>
  </datafield>
  <datafield tag="590" ind1=" " ind2=" ">
    <subfield code="a">Inventariado 2022 / MF</subfield>
  </datafield>
  <datafield tag="650" ind1=" " ind2="4">
    <subfield code="9">53313</subfield>
    <subfield code="a">Jugadores de B&#xE9;isbol</subfield>
    <subfield code="x">Historia</subfield>
    <subfield code="z">Rep&#xFA;blica Dominicana</subfield>
  </datafield>
  <datafield tag="651" ind1=" " ind2="4">
    <subfield code="9">11250</subfield>
    <subfield code="a">Rep&#xFA;blica Dominicana</subfield>
    <subfield code="v">Enciclopedias</subfield>
  </datafield>
  <datafield tag="651" ind1=" " ind2="4">
    <subfield code="9">11251</subfield>
    <subfield code="a">Rep&#xFA;blica Dominicana</subfield>
    <subfield code="v">Enciclopedias</subfield>
    <subfield code="x">Historia del B&#xE9;isbol</subfield>
  </datafield>
  <datafield tag="651" ind1=" " ind2="4">
    <subfield code="a">Rep&#xFA;blica Dominicana</subfield>
    <subfield code="v">Enciclopedias</subfield>
    <subfield code="x">Estad&#xED;sticas</subfield>
    <subfield code="9">81984</subfield>
  </datafield>
  <datafield tag="700" ind1="1" ind2=" ">
    <subfield code="9">76422</subfield>
    <subfield code="a">Payano, Felipe,</subfield>
    <subfield code="e">pr&#xF3;l.</subfield>
  </datafield>
  <datafield tag="700" ind1="1" ind2=" ">
    <subfield code="a">Alozo, Carlos,</subfield>
    <subfield code="e">fotogr.</subfield>
    <subfield code="9">81982</subfield>
  </datafield>
  <datafield tag="700" ind1="1" ind2=" ">
    <subfield code="a">Jim&#xE9;nez, Manolito,</subfield>
    <subfield code="e">fotogr.</subfield>
    <subfield code="9">81983</subfield>
  </datafield>
  <datafield tag="910" ind1=" " ind2=" ">
    <subfield code="a">MFeliz</subfield>
  </datafield>
  <datafield tag="942" ind1=" " ind2=" ">
    <subfield code="2">ddc</subfield>
    <subfield code="c">LBS1</subfield>
  </datafield>
  <datafield tag="952" ind1=" " ind2=" ">
    <subfield code="0">0</subfield>
    <subfield code="1">0</subfield>
    <subfield code="2">ddc</subfield>
    <subfield code="5">1</subfield>
    <subfield code="7">0</subfield>
    <subfield code="8">PD</subfield>
    <subfield code="a">BNPHU</subfield>
    <subfield code="b">BNPHU</subfield>
    <subfield code="c">CT</subfield>
    <subfield code="d">2022-03-21</subfield>
    <subfield code="e">Donado por el Mov. Convergencia el CDP</subfield>
    <subfield code="l">0</subfield>
    <subfield code="o">G2161e</subfield>
    <subfield code="p">2022-3403</subfield>
    <subfield code="r">2022-07-11</subfield>
    <subfield code="t">v.1</subfield>
    <subfield code="w">2022-07-11</subfield>
    <subfield code="y">LBS1</subfield>
  </datafield>
  <datafield tag="952" ind1=" " ind2=" ">
    <subfield code="0">0</subfield>
    <subfield code="1">0</subfield>
    <subfield code="2">ddc</subfield>
    <subfield code="5">1</subfield>
    <subfield code="7">0</subfield>
    <subfield code="8">PD</subfield>
    <subfield code="a">BNPHU</subfield>
    <subfield code="b">BNPHU</subfield>
    <subfield code="c">CT</subfield>
    <subfield code="d">2022-03-21</subfield>
    <subfield code="e">Donado por el Mov. Convergencia el CDP</subfield>
    <subfield code="o">G2161e</subfield>
    <subfield code="p">2022-3404</subfield>
    <subfield code="r">2022-07-11</subfield>
    <subfield code="t">v.2</subfield>
    <subfield code="w">2022-07-11</subfield>
    <subfield code="y">LBS1</subfield>
  </datafield>
  <datafield tag="952" ind1=" " ind2=" ">
    <subfield code="0">0</subfield>
    <subfield code="1">0</subfield>
    <subfield code="2">ddc</subfield>
    <subfield code="5">1</subfield>
    <subfield code="7">0</subfield>
    <subfield code="8">PD</subfield>
    <subfield code="a">BNPHU</subfield>
    <subfield code="b">BNPHU</subfield>
    <subfield code="c">CT</subfield>
    <subfield code="d">2022-03-21</subfield>
    <subfield code="e">Donado por el Mov. Convergencia el CDP</subfield>
    <subfield code="o">G2161e</subfield>
    <subfield code="p">2022-3405</subfield>
    <subfield code="r">2022-07-11</subfield>
    <subfield code="t">v.3</subfield>
    <subfield code="w">2022-07-11</subfield>
    <subfield code="y">LBS1</subfield>
  </datafield>
  <datafield tag="999" ind1=" " ind2=" ">
    <subfield code="c">52169</subfield>
    <subfield code="d">52169</subfield>
  </datafield>
</record>
